00393nam a2200145Ia 4500008004100000020001500041041001200056082001600068100001400084245007700098260003500175300000800210650001500218700001400233221030s9999 xx 000 0 und d a8178082632 aEnglish a105.23bRog aG. Rogers 0aEngineering Thermodynamics Work & heat Transfercby G. Rogers, Y. Mayhew bPearson EducationaDelhic2001 a711 aMechanical aY. Mayhew